00463nam a22001457a 4500003000400000005001700004008004100021020001800062040000900080082002200089100002400111245013900135260003400274300000900308OSt20210310114829.0210310b ||||| |||| 00| 0 eng d a9788126467686 coclc a303.490954bKAL/V aKalam, A P J Abdul  aVikasanathinte Mattolikal = Beyond 2020 A Vision For Tomorrow's India bNalathe Indiaykkuvendiyulla Margadarsanam /cA P J Abdul Kalam aKottayam:bD C Books, c2016. a231p